000 00779nam a22002655i 4500
001 16849
003 ES-MaACL
005 20230906151417.0
007 t|
008 001114s1991 sp ||||0| spa j
020 _a84-88186-00-2
040 _aM-BN
_bspa
_cM-BN
080 _a75 Villar, Jesús
100 1 _aSáez-Angulo, Julia.
_9101359
245 1 0 _aJesús Villar /
_cJulia Sáez-Angulo.
260 _a[Madrid] :
_bMRD Grupo,
_cD.L. 1991.
300 _a63 p :
_bil. col. y n ;
_c28 cm.
490 1 _aFormas y figuras
500 _aEs suplemento de: Formas Plásticas. N. 45.
600 1 4 _aVillar, Jesús.
_9115074
700 1 _aVillar, Jesús.
_9115074
830 0 _aFormas y figuras
_9228680
852 _aES-MaACL
_jG-4096
_bR.120647
999 _c16849
_d16849